| 000 | 02090cam a22003617a 4500 | ||
|---|---|---|---|
| 001 | 17120929 | ||
| 003 | Nust- CAS-E | ||
| 005 | 20180118181406.0 | ||
| 008 | 120113s2011 gw ab b 001 0 eng d | ||
| 010 | _a 2011294207 | ||
| 020 | _a9783527325405 (pbk. : acidfree paper) | ||
| 035 | _a(OCoLC)ocn701108463 | ||
| 040 |
_aUNITY _beng _cUNITY _dHF9 _dUNL _dUKM _dOHX _dYDXCP _dBWX _dIWA _dOIP _dCDX _dHEBIS _dORX _dINU _dUKMGB _dDLC |
||
| 042 | _alccopycat | ||
| 050 | 0 | 0 |
_aTJ163.2 _b.A744 2011 |
| 082 | 0 | 4 |
_a333.79 _223 _bARM-E 2011 |
| 100 | 1 |
_aArmaroli, Nicola, _d1966- |
|
| 245 | 1 | 0 |
_aEnergy for a sustainable world : _bfrom the oil age to a sun-powered future / _cNicola Armaroli and Vincenzo Balzani. |
| 260 |
_aWeinheim, German : _bWiley-VCH Verlag GmbH, _cc2011. |
||
| 300 |
_axxi, 368 p. : _bill., map ; _c24 cm. |
||
| 502 | _a0 | ||
| 504 | _aIncludes bibliographical references (p. 318-352) and index. | ||
| 520 | _a"This book surveys the energy issue from a broad scientific perspective while considering environmental, economic, and social factors. It explains the basic concepts, provides a historical overview of energy resources, assesses our unsustainable energy system based on fossil fuels, and shows that the energy crisis is not only a tough challenge, but also an unprecedented opportunity to become more concerned about the world in which we live and the society we have built up. By outlining the alternatives for today and the future, it gives an extensive overview on nuclear energy, solar thermal and photovoltaics, solar fuels, wind power, ocean energies and other renewables, highlighting the increasing importance of electricity and the long-term perspectives of a hydrogen-based economy"--Back cover. | ||
| 650 | 0 | _aPower resources. | |
| 650 | 0 | _aEnergy development. | |
| 650 | 0 | _aEnergy policy. | |
| 650 | 0 | _aSustainable development. | |
| 650 | 0 | _aEnergy conservation. | |
| 700 | 1 |
_aBalzani, Vincenzo, _d1936- |
|
| 906 |
_a7 _bcbc _ccopycat _d2 _encip _f20 _gy-gencatlg |
||
| 942 |
_2ddc _cBK |
||
| 999 |
_c355575 _d355575 |
||